| 000 | 00658nam a22001817a 4500 | ||
|---|---|---|---|
| 003 | OSt | ||
| 005 | 20140310181715.0 | ||
| 008 | 121214t xxu||||| |||| 00| 0 eng d | ||
| 020 | _a9719185821 | ||
| 050 |
_aDS 675.8 _b.M234 1964 |
||
| 100 | _aMajul, Cezar Adib | ||
| 245 |
_aApolinario Mabini revolutionary : _cCezar Adib Majul _bthe greatest role he played in the Malolos Congress, the birth of the Philippine Republic and the Filipino-American war / |
||
| 260 |
_aManila : _bTrademark Publishing Corporation, _c1964. |
||
| 300 |
_a256 p. : _bill. ; _c30 cm. |
||
| 650 |
_aMabini, Apolinario _xPhilippine Revolution |
||
| 942 |
_2lcc _cBK _kFIL |
||
| 999 |
_c1743 _d1743 |
||